Rentabilidad, evolución patrimonial y divesificación en tres grandes compañías argentinas, 1926-1955/ (Registro nro. 103265)

Detalles MARC
000 -LEADER
campo de control de longitud fija 02121nas a2200373 i 4500
001 - NÚMERO DE CONTROL
campo de control MOR01000103592
005 - FECHA Y HORA DE LA ÚLTIMA TRANSACCIÓN
campo de control 20260331230715.0
008 - DATOS DE LONGITUD FIJA--INFORMACIÓN GENERAL
campo de control de longitud fija 161014c20169999 r1 0 0spa d
035 ## - NÚMERO DE CONTROL DEL SISTEMA
Número de control de sistema 161727
040 ## - FUENTE DE CATALOGACIÓN
Centro catalogador/agencia de origen mxcmmo
Lengua de catalogación spa
Centro/agencia transcriptor mxcmmo
Normas de descripción rda
041 0# - CÓDIGO DE IDIOMA
Código de lengua del texto/banda sonora o título independiente spa
043 ## - CÓDIGO DE ÁREA GEOGRÁFICA
Código de área geográfica s-ag---
045 ## - PERIODO DE TIEMPO DEL CONTENIDO
Código de periodo de tiempo x2x5
082 04 - NÚMERO DE LA CLASIFICACIÓN DECIMAL DEWEY
Número de clasificación 330.97
Número de ítem AME.l.50
100 1# - ENTRADA PRINCIPAL--NOMBRE DE PERSONA
Nombre de persona Martín Cuesta, E.
Término indicativo de función/relación autor
9 (RLIN) 184023
245 10 - MENCIÓN DEL TÍTULO
Título Rentabilidad, evolución patrimonial y divesificación en tres grandes compañías argentinas, 1926-1955/
Mención de responsabilidad, etc. E. Martín Cuesta, Carlos Newland. -- páginas [204]-228
336 ## - TIPO DE CONTENIDO
Término de tipo de contenido texto
Código de tipo de contenido txt
Fuente rdacontent
337 ## - TIPO DE MEDIO
Nombre/término del tipo de medio sin medio
Código del tipo de medio n
Fuente rdamedia
338 ## - TIPO DE SOPORTE
Nombre/término del tipo de soporte volumen
Código del tipo de soporte nc
Fuente rdacarrier
500 ## - NOTA GENERAL
Nota general En: América Latina en la Historia Económica. -- Año 23, número 2(50) (mayo-agosto 2016)
504 ## - NOTA DE BIBLIOGRAFÍA, ETC.
Nota de bibliografía, etc. Nota Incluye referencias bibliográficas (páginas 224-228)
520 3# - RESUMEN, ETC.
Sumario, etc. Este trabajo presenta un análisis comparativo de tres grandes empresas argentinas (Bunge y Born; Garovaglio y Zorraquín, Mercado Central de Frutos) entre 1926 y 1955. Se detalla la evolución del patrimonio y utilidad de estas firmas, los que se relacionan con las condiciones de negocios y macroeconómicas. Se considera que estos indicadores reflejan adecuadamente el desempeño empresarial, así como los resultados de sus diversas estrategias. Utilizando como fuentes las memorias y balances de estas organizaciones, se aborda la problemática de la diversificación y su relación con la rentabilidad
610 27 - PUNTO DE ACCESO ADICIONAL DE MATERIA--NOMBRE DE ENTIDAD CORPORATIVA
Nombre de entidad corporativa o nombre de jurisdicción como elemento de entrada Bunge y Born (Buenos Aires, Argentina)
Subdivisión general Historia
9 (RLIN) 184024
610 27 - PUNTO DE ACCESO ADICIONAL DE MATERIA--NOMBRE DE ENTIDAD CORPORATIVA
Nombre de entidad corporativa o nombre de jurisdicción como elemento de entrada Garobaglio y Zorraquín S.A. (Buenos Aires, Argentina)
Subdivisión general Historia
9 (RLIN) 184025
610 27 - PUNTO DE ACCESO ADICIONAL DE MATERIA--NOMBRE DE ENTIDAD CORPORATIVA
Nombre de entidad corporativa o nombre de jurisdicción como elemento de entrada Mercado Central de Frutos (Buenos Aires, Argentina)
Subdivisión general Historia
9 (RLIN) 184026
650 #7 - PUNTO DE ACCESO ADICIONAL DE MATERIA--TÉRMINO DE MATERIA
Término de materia o nombre geográfico como elemento de entrada Empresas
Subdivisión geográfica Argentina
Subdivisión general Aspectos financieros
-- Historia
9 (RLIN) 181659
651 #7 - PUNTO DE ACCESO ADICIONAL DE MATERIA--NOMBRE GEOGRÁFICO
Nombre geográfico Buenos Aires (Argentina)
Subdivisión general Condiciones económicas
Subdivisión cronológica Siglo XIX
9 (RLIN) 184027
700 1# - ENTRADA AGREGADA--NOMBRE PERSONAL
Nombre de persona Newland, Carlos
Término indicativo de función/relación autor
9 (RLIN) 44276
900 ## - ELEMENTOS DE DATOS A LOCAL, LDA (RLIN)
Nombre de persona CATY
Numeración 30
Títulos y otros términos asociados al nombre 20161014
Lenguaje de la obra MOR01
-- 1256
900 ## - ELEMENTOS DE DATOS A LOCAL, LDA (RLIN)
Nombre de persona KLASY
Numeración 30
Títulos y otros términos asociados al nombre 20161021
Lenguaje de la obra MOR01
-- 1502
900 ## - ELEMENTOS DE DATOS A LOCAL, LDA (RLIN)
Nombre de persona VOBO
Numeración 40
Títulos y otros términos asociados al nombre 20161107
Lenguaje de la obra MOR01
-- 1303
904 ## - ELEMENTOS DE DATOS D LOCAL, LDD (RLIN)
a UPDATE
942 ## - ELEMENTOS DE ENTRADA SECUNDARIOS (KOHA)
Código de la institución [OBSOLETO] SE
901 ## - ELEMENTOS DE DATOS A LOCAL LDA (RLIN)
a batch batch
Existencias
Estatus retirado Estado de pérdida Fuente del sistema de clasificación o colocación Estado de daño Restricciones de uso No para préstamo Colección Biblioteca de origen Biblioteca actual Ubicación en estantería Fecha de adquisición Fuente de adquisición Total de préstamos Signatura topográfica completa Código de barras Visto por última vez Precio de reemplazo Tipo de ítem Koha Nota pública
    Clasificación Decimal Dewey   En sala   Publicaciones Periódicas MORA Biblioteca Instituto Mora Biblioteca Instituto Mora En sala 21/10/2016     (PM)/330.97 AME.l.50 103592-10 03/09/2024 03/09/2024 Publicación periódica ANALITICA